The Superman chronicles. #6 / all stories written ... Read More
Available copies
- 1 of 1 copy available at LARL/NWRL Consortium.
Current holds
0 current holds with 1 total copy.
Show Only Available Copies
| Location | Call Number / Copy Notes | Barcode | Shelving Location | Status | Due Date |
|---|---|---|---|---|---|
| Thief River Falls Public Library | ya SIE (Text) | 35500004438386 | Main | Available | - |
Record details
- ISBN: 9781401221874 :
- ISBN: 1401221874
- Physical Description: 189 p. : chiefly col. ill. ; 26 cm.
- Publisher: New York : DC Comics, c2009.
Content descriptions
| General Note: | "Originally published in single magazine form in Action Comics #37-40, Superman #10-11", and World's ... Read More |
Search for related items by subject
| Subject: | Superman (Fictitious character) > Comic books, strips, etc. Heroes > Comic books, strips, etc. |
Search for related items by series
| LDR | 01271cam a2200301Ka 4500 | ||
|---|---|---|---|
| 001 | 101548 | ||
| 003 | LARL_NWRL_CONSORTIUM | ||
| 005 | 20090303150111.0 | ||
| 008 | 080628s2009 nyua 000 c eng d | ||
| 020 | . | ‡a9781401221874 : ‡c$14.99 | |
| 020 | . | ‡a1401221874 | |
| 035 | . | ‡a(OCoLC)457010762 ‡z(OCoLC)232980574 | |
| 092 | . | ‡a741.5973 | |
| 100 | 1 | . | ‡aSiegel, Jerry, ‡d1914-1996. ‡0(LARL_NWRL_CONSORTIUM)118216 |
| 245 | 1 | 4. | ‡aThe Superman chronicles. ‡n#6 / ‡call stories written by Jerry Siegel unless otherwise noted. |
| 260 | . | ‡aNew York : ‡bDC Comics, ‡cc2009. | |
| 300 | . | ‡a189 p. : ‡bchiefly col. ill. ; ‡c26 cm. | |
| 490 | 0 | . | ‡aSuperman chronicles ; ‡v6 |
| 490 | 0 | . | ‡aDC comics |
| 500 | . | ‡a"Originally published in single magazine form in Action Comics #37-40, Superman #10-11", and World's Finest Comics #2-3" --T.p. verso. | |
| 650 | 0. | ‡aSuperman (Fictitious character) ‡vComic books, strips, etc. ‡0(LARL_NWRL_CONSORTIUM)167587 | |
| 650 | 0. | ‡aHeroes ‡vComic books, strips, etc. ‡0(LARL_NWRL_CONSORTIUM)172392 | |
| 901 | . | ‡a101548 ‡bOCLC ‡c101548 ‡tbiblio | |

Add to basket
Permalink
Disable Highlighting